Language Quiz

Random Language or Latin Quiz

Latin AS OCR vocab verbs II Quiz Stats

 Plays Quiz not verified by Sporcle

Also try: 'M' in the Middle
Challenge
Share
Tweet
Embed
Score 0/34 Timer 10:00
0 Plays Today
% Correct
provide
100%
have
50%
hold
50%
frighten
50%
see
50%
seem
50%
appear
0%
increase
0%
beware
0%
owe
0%
destroy
0%
teach
0%
hurt
0%
need
0%
favour
0%
rejoice
0%
lie
0%
% Correct
order
0%
remain
0%
warn
0%
move
0%
hurt
0%
besiege, bockade
0%
be necessary
0%
obey
0%
persuade
0%
it pleases
0%
promise
0%
answer
0%
hold back
0%
fear
0%
be strong
0%
fear
0%
0%

You're not logged in!

Compare scores with friends on all Sporcle quizzes.
Join for Free
OR
Log In

You Might Also Like...

Show Comments

Extras

Created Sep 11, 2011ReportNominate
Tags:Latin Quiz, ocr

Top Quizzes Today


Score Distribution

Your Account Isn't Verified!

In order to create a playlist on Sporcle, you need to verify the email address you used during registration. Go to your Sporcle Settings to finish the process.

Report this User

Report this user for behavior that violates our Community Guidelines.

Details: